ბათუმის შოთა რუსთაველის სახელმწიფო უნივერსიტეტის ბიბლიოთეკა

Success strategies for teaching kids with autism / (ბიბ.ჩანაწერი № 58076)

000 -LEADER
fixed length control field 00860cam a2200241 a 4500
001 - CONTROL NUMBER
control field 15907060
005 - DATE AND TIME OF LATEST TRANSACTION
control field 20221107161221.0
008 - FIXED-LENGTH DATA ELEMENTS--GENERAL INFORMATION
fixed length control field 090915s2010 txua b 000 0 eng
020 ## - INTERNATIONAL STANDARD BOOK NUMBER
International Standard Book Number 9781593633820 X
041 ## - LANGUAGE CODE
Language code of text/sound track or separate title eng
080 ## - UNIVERSAL DECIMAL CLASSIFICATION NUMBER
Universal Decimal Classification number 376.2+616.896 A-84
100 1# - MAIN ENTRY--PERSONAL NAME
Personal name Ashcroft, Wendy,
Dates associated with a name
9 (RLIN) 11982
245 10 - TITLE STATEMENT
Title Success strategies for teaching kids with autism /
Statement of responsibility, etc. Wendy Ashcroft, Sue Argriro, and Joyce Keohane.
264 ## - PRODUCTION, PUBLICATION, DISTRIBUTION, MANUFACTURE, AND COPYRIGHT NOTICE
Place of production, publication, distribution, manufacture Waco, Tex. :
Name of producer, publisher, distributor, manufacturer Prufrock Press,
Date of production, publication, distribution, manufacture, or copyright notice 2010.
300 ## - PHYSICAL DESCRIPTION
Extent 242 p. :
Other physical details ill. ;
Dimensions 26 cm.
653 ## - INDEX TERM--UNCONTROLLED
keyword აუტიზმის მქონე ბავშვები
653 ## - INDEX TERM--UNCONTROLLED
keyword дети с аутизмом
653 ## - INDEX TERM--UNCONTROLLED
keyword მედიცინა
653 ## - INDEX TERM--UNCONTROLLED
keyword медицина
700 1# - ADDED ENTRY--PERSONAL NAME
Personal name Argriro, Sue
Relator term რედაქტორი
9 (RLIN) 11983
700 1# - ADDED ENTRY--PERSONAL NAME
Personal name Keohane, Joyce
Dates associated with a name
Relator term რედაქტორი
9 (RLIN) 11984
942 ## - ADDED ENTRY ELEMENTS (KOHA)
Source of classification or shelving scheme
Koha item type წიგნი
ეგზემპლარები
Withdrawn status Lost status Source of classification or shelving scheme Damaged status Not for loan Permanent Location Current Location Shelving location Date acquired Cost, normal purchase price Full call number Barcode Date last seen Copy number Price effective from Koha item type Public note
          ბათუმის შოთა რუსთაველის სახელმწიფო უნივერსიტეტის მთავარი ბიბლიოთეკა ბათუმის შოთა რუსთაველის სახელმწიფო უნივერსიტეტის მთავარი ბიბლიოთეკა წიგნსაცავი 2021-06-08 124.00 376.2+616.896 A-84 61364 2021-06-08 61364 2021-06-08 წიგნი 124 ლ.